000 00870cam a22002533a 4500
001 18209
003 PGUSA
005 20140828083404.0
008 060419s2006||||xxu|||||s|||||000 | eng d
040 _aPGUSA
_beng
042 _adc
050 4 _aDA
100 1 _aFroude, James Anthony,
_d1818-1894
245 1 0 _aEnglish Seamen in the Sixteenth Century :
_bLectures Delivered at Oxford Easter Terms 1893-4
_h[electronic resource] /
_cJames Anthony Froude
260 _bProject Gutenberg,
_c2006
506 _aPublic domain in the USA.
516 _aElectronic text
653 _aSailors -- England -- History -- 16th century
653 _aGreat Britain -- History -- Elizabeth, 1558-1603
653 _aGreat Britain -- History, Naval -- Tudors, 1485-1603
830 0 _aProject Gutenberg
_v18209
856 4 0 _uhttp://www.gutenberg.org/ebooks/18209
942 _cEB
999 _c247464
_d247464